Statistics for 小田急ロマンスカーの車両/Rolling Stock of Odakyu Romancecar

Click here to take the quiz!

General Stats

  • This quiz has been taken 33 times
  • The average score is 8 of 9

Answer Stats

運用時間/In Service編成/Formation形式/Type% Correct
1996-4両,6両30000形EXE,EXEα
100%
2005-10両50000形VSE
100%
2008-4両,6両60000形MSE
100%
2018-7両70000形GSE
100%
1991-20127両20000形RSE
95%
1980-201811両7000形LSE
95%
1987-201211両10000形HiSE
90%
1957-19918両-->5両3000形SE
90%
1963-200011両3100形NSE
75%

Score Distribution

Percentile by Number Answered

Percent of People with Each Score

Your Score History

You have not taken this quiz